| 000 | 00599nam a2200217Ia 4500 | ||
|---|---|---|---|
| 005 | 20260429112108.0 | ||
| 008 | 260429s9999||||xx |||||||||||||| ||und|| | ||
| 020 | _a9781440880483 | ||
| 041 | _aEnglish | ||
| 082 |
_a025.52 _bWON |
||
| 100 | _aWong, Melissa A. | ||
| 245 | 0 |
_aReference and information services : _ban introduction / _cMelissa A. Wong |
|
| 250 | _a7th ed. | ||
| 260 |
_aNew York : _bBloomsbury Libraries Unlimited, _c2024. |
||
| 300 | _aix, 713 p.; pbk | ||
| 650 | _a Reference | ||
| 650 | _a Service | ||
| 650 | _aInformation | ||
| 700 | _a Saunders, Laura | ||
| 942 | _cTB | ||
| 999 |
_c52324 _d52324 |
||